000 01055nam a22002417a 4500
001 277
003 FISKH
005 20230314093103.0
008 230314b cb ||||| |||| 00| 0 eng d
020 _a9781906230517
040 _aFISKH
_beng
_cFISKH
_dFISKH
050 _aPR4494.M62
082 _a823.8
100 _aCollins, Wilkie
245 _aThe moonstone /
_bRetold by Tony Evans /
_cIllustrated by Felix Bennett
260 _aSingapore
_bRead Reads
_c2011
300 _a64 p.
_c20 cm.
505 _aQ
520 _aWhen Rachel Verinder inherits the Moonstone from her uncle on her eighteenth birthday, the wonderful jewel is intended to make her rich and happy. So why is her mother so worried about this valuable gift? Rachel seems very fond of her cousin, Franklin Blake. When trouble strikes, why does she refuse his help? What has he done to offend her? Can Sergeant Cuff, the famous detective, solve the dangerous mystery of the Moonstone before it is too late?
521 8 _a880
_bLexile
521 8 _aQ
_bRaz-Plus
942 _2ddc
_cBK
_n0
999 _c277
_d277